| 000 | 00930nam a22002297a 4500 | ||
|---|---|---|---|
| 999 |
_c15702 _d15702 |
||
| 003 | MIRAKIL | ||
| 005 | 20240321114400.0 | ||
| 008 | 240321b tu ||||| |||| 00| 0 tur d | ||
| 020 | _a9789751621597 | ||
| 040 |
_aTR-AnCHP _cTR-AnCHP |
||
| 041 | _atur | ||
| 082 |
_a398.2 _bA74 2020 |
||
| 245 | 1 | 0 |
_aAşık Mevlüt İhsani'den derlenen halk hikayeleri / _cderleyen ve yayıma hazırlayanlar : Fikret Türkmen, Mustafa Cemiloğlu |
| 250 | _a3. bs. | ||
| 260 |
_aAnkara : _bTürk Dil Kurumu Yayınları, _c2020. |
||
| 300 |
_a284 s. _c21 cm. |
||
| 490 | 0 |
_aAtatürk Kültür, Dil ve Tarih Yüksek Kurumu Türk Dil Kurumu Yayınları _v969. |
|
| 490 | 0 |
_aTürk Dünyası Destanlarının Tespiti, Türkiye Türkçesine Aktarılması ve Yayımlanması Projesi Yayınları _v33. |
|
| 650 | 0 |
_96003 _aHalk edebiyatı |
|
| 856 | _zDijital Nüshası için Partimizin Kütüphane Sorumlusu ile iletişime geçiniz. | ||
| 942 |
_2ddc _cBKS |
||